200 suosituinta naisten nimeä alkukirjaimella R - Statistics

Yleistilastot
  • Tätä visaa on pelattu 481 kertaa
  • Keskiarvotulos 66 / 200
Vastaustilastot
% Oikein
Raija
97%
Riitta
93%
Rei
91%
Riikka
90%
Riina
90%
Ronia
90%
Ronja
90%
Ronya
90%
Ruu
89%
Reija
87%
Roosa
87%
Rosa
87%
Raisa
84%
Raissa
84%
Reet
83%
Reetta
82%
Ritva
82%
Raila
79%
Raili
79%
Ria
79%
Riia
79%
Riija
79%
Rut
79%
Ruth
79%
Ruut
79%
Ruuth
79%
Ruusu
75%
Rea
69%
Reea
69%
Reeta
69%
Rhea
69%
Rita
69%
Rauha
67%
Rauni
64%
Rose
64%
Riitta-Liisa
62%
Raakel
60%
Raakkel
60%
Rakel
60%
Raquel
60%
Rosi
60%
Rosie
60%
Riika
59%
Rania
58%
Ranja
58%
Ranya
58%
Ruusa
57%
Reena
56%
Rena
56%
Rina
56%
Ritva-Liisa
56%
Raina
55%
Rebeca
53%
Rebecca
53%
Rebecka
53%
Rebeka
53%
Rebekah
53%
Rebekka
53%
Regina
53%
Rinna
51%
Rosita
50%
Rauna
48%
Roosa-Maria
47%
Rosa-Maria
47%
Ritu
42%
Ramona
41%
Reem
41%
Riim
41%
Riitta-Leena
41%
Rim
41%
Raija-Liisa
40%
Reina
40%
Reine
40%
Riikka-Liisa
40%
Ritva-Leena
38%
Rose-Marie
38%
Rosemary
38%
Rosmari
38%
Rosmarie
38%
Raita
37%
Riana
37%
Rianna
37%
Rihanna
37%
Rilla
37%
Ringa
36%
Rosanna
36%
Raija-Leena
35%
Renja
34%
Raini
33%
Riitta-Maija
33%
Rene
32%
Renée
32%
Renee
32%
Rika
31%
Rinja
29%
Ragna
28%
Ragni
28%
Rosalin
28%
Rana
26%
Riikka-Maria
26%
Roni
26%
Rosina
26%
Rosalie
25%
Rachel
24%
Rachelle
24%
Rochelle
24%
Runa
24%
Runo
23%
Rosaliina
22%
Rosalina
22%
Remi
21%
Renata
21%
Renáta
21%
Renate
21%
Renita
21%
Rosanne
21%
Rosetta
21%
Rosette
21%
Rosalia
20%
Ruska
19%
Réka
17%
Rima
17%
Rimas
17%
Roberta
17%
Rona
17%
Rimma
16%
Ramina
15%
Romi
15%
Romy
15%
Raja
14%
Rosalinda
14%
Rae
12%
Rafaela
12%
Rama
11%
Rahel
10%
Rahil
10%
Rigmor
10%
Robin
10%
Robyn
10%
Ragnhild
8%
Reelika
7%
Rhonda
7%
Riitu
7%
Rista
7%
Roine
7%
Ronda
7%
Raika
6%
Ripsa
6%
Rand
5%
Randa
5%
Rispa
5%
Roda
5%
Rode
5%
Roxana
5%
Roxanne
5%
Ruby
5%
Riinu
4%
Roza
4%
Raya
3%
Rayaan
3%
Rayan
3%
Riona
3%
Rital
3%
Rada
2%
Radha
2%
Rahima
2%
Rahma
2%
Rahmah
2%
Rahmo
2%
Reita
2%
Ritja
2%
Romina
2%
Rosabella
2%
Rowena
1%
Rozan
1%
Ruta
1%
Rabab
0%
Rabia
0%
Raghad
0%
Rahaf
0%
Rajana
0%
Ramla
0%
Ranim
0%
Rasha
0%
Rawaa
0%
Rawan
0%
Razan
0%
Razia
0%
Rihaam
0%
Riham
0%
Rinesa
0%
Ritaj
0%
Rojin
0%
Ronak
0%
Roya
0%
Rubina
0%
Rukia
0%
Rusul
0%
Ruwayda
0%
Ruweyda
0%
Ehtoja vastaavia visoja ei löytynyt
Tulosjakauma
Jokaisen tuloksen saaneiden osuus
Persentiili vastausten määrän mukaan
Tuloshistoriasi
Et ole pelannut tätä visaa